=LDR 00000nam 2200000 4500 =001 $a INLIS000000000008404 =005 $a 20260604151446 =008 $a 260604################g##########0#ind## =022 ##$$a 978-979-044-161-3 =035 ##$$a 0010-0626000031 =082 ##$$a 618.2 =084 ##$$a 618.2 LIA b =100 #$$a Lia Uripmi =245 ##$$a Buku Saku Praktik Bidan $b - $c Lia Uripmi =247 ##$$a =260 ##$$a Jakarta $b EGC $c 2008 =300 ##$$a x, 89hlm $b ilus $c 15,5cm $e =310 ##$$a =321 ##$$a =520 #$$a buku ini berisikan uraian tentang persalinan kala I, persalinan Kala II, persalinan Kala III, resusitasi bayi baru lahir, penjahitan robekan perineum, asuhan kebidanan hipertensi dan pre-eklmasia/eklamsia. =650 #$$a kebidanan =700 #$$a Abd. Aziz Trifauzi =700 #$$a Dery Firdaus Virgiawan =856 ##$$a =Wor $a 1